000 00603cam a22001691 4500
001 e 10001648
003 DLC
005 20260227111154.0
008 780418s1875 it 00000 ita
010 _ae 10001648 //r78
040 _aLibrary, U.S. Bur. of Education
100 1 0 _aDonati, Cesare,
_d1826-1913.
245 1 0 _aFoglie secche.
_bRacconti. La tabacchiera del nonno. La gegia del ponte. Novelle. Una gamba rotta.--Un Figaro.--Il disertore.--Annella di Rosa.
250 _a2. ed.
260 0 _aFirenze,
_bSuccessori Le Monnier,
_c1875.
300 _a1 p. l., iii p., 1 l., 418 p., 1 l.
_c18 cm.
999 _c19048
_d19048